|
|
|
|
| LEADER |
00630cam a2200205 7i4500 |
| 001 |
0000014921 |
| 005 |
20050105090000.0 |
| 020 |
0 |
0 |
|a 1-74059-083-X
|
| 090 |
0 |
0 |
|a COOK 914.9623
|b HUN
|
| 100 |
0 |
0 |
|a Hunt
|
| 245 |
0 |
0 |
|a Rarotonga & the Cook Islands.
|
| 250 |
0 |
0 |
|a 5th ed..
|
| 260 |
0 |
0 |
|a Victoria:
|b Lonely Planet Publications,
|c 2003.
|
| 300 |
# |
# |
|a 168 p..
|
| 440 |
0 |
0 |
|a Lonely Planet
|
| 650 |
0 |
0 |
|a Cook Islands --
|x Social life and customs --
|x Handbooks, manuals, etc.
|
| 651 |
0 |
0 |
|a The Cook Islands
|
| 651 |
0 |
0 |
|a Rarotonga, the Cook Islands
|
| 700 |
1 |
1 |
|a Keller,
|h Nancy
|
| 999 |
|
|
|a B000016534
|b Book
|c Countries
|e Business Information Centre
|